|
|
|
|
| LEADER |
00000nam0a2200000 4500 |
| 001 |
167180 |
| 005 |
20231101222655.0 |
| 010 |
|
|
|a 9785160043166
|
| 035 |
|
|
|a (RuTPU)RU\TPU\book\181345
|
| 035 |
|
|
|a BOOK00023114
|
| 035 |
|
|
|a RU\TPU\book\23042
|
| 090 |
|
|
|a 167180
|
| 100 |
|
|
|a 20011209d2010 m y0rusy50 ca
|
| 101 |
0 |
|
|a rus
|
| 102 |
|
|
|a RU
|
| 105 |
|
|
|a a j 000zy
|
| 200 |
1 |
|
|a Институциональная экономика
|e учебное пособие
|f А. Н. Олейник
|
| 210 |
|
|
|a Москва
|c Инфра-М
|d 2010
|
| 215 |
|
|
|a 416 с.
|c ил.
|
| 225 |
1 |
|
|a Высшее образование
|
| 330 |
|
|
|a В учебном пособии излагаются основы институциональной теории, раскрываются такие понятия, как норма, институт, трансакционные издержки и др. Рассматриваются теория игр и моделирование взаимодействий, теорема Коуза, нелегальная экономика. В завершение проводится институциональный анализ основных экономических агентов. Каждая тема содержит методическое обеспечение семинарских занятий (контрольные вопросы, основная и дополнительная литература, примеры решения типовых задач и тесты). Для преподавателей и студентов экономических вузов.
|
| 451 |
|
1 |
|0 (RuTPU)RU\TPU\book\23042
|y 5-16-000181-6
|t Институциональная экономика
|o учебное пособие
|f А. Н. Олейник
|c М.
|n Инфра-М
|d 2000
|p 413 с.
|s Высшее образование
|a Олейник, Антон Николаевич
|
| 606 |
1 |
|
|a Институциональная экономика
|x Теория
|2 stltpush
|3 (RuTPU)RU\TPU\subj\58918
|9 76601
|
| 610 |
1 |
|
|a экономика
|
| 610 |
1 |
|
|a институционализм
|
| 610 |
1 |
|
|a экономическая теория
|
| 610 |
1 |
|
|a игры
|
| 610 |
1 |
|
|a институционная теория
|
| 610 |
1 |
|
|a институты
|
| 610 |
1 |
|
|a внелегальная экономика
|
| 610 |
1 |
|
|a контактов, теория
|
| 610 |
1 |
|
|a домашнее хозяйство
|
| 610 |
1 |
|
|a государство
|
| 610 |
1 |
|
|a организационные структуры
|
| 610 |
1 |
|
|a контакты
|
| 610 |
1 |
|
|a фирмы
|
| 610 |
1 |
|
|a Коуза, теория
|
| 610 |
1 |
|
|a учебные пособия
|
| 610 |
1 |
|
|a институциональная экономика
|
| 686 |
|
|
|a У011я73
|v LBC/SL-A
|2 rubbk
|
| 700 |
|
1 |
|a Олейник
|b А. Н.
|g Антон Николаевич
|
| 801 |
|
1 |
|a RU
|b 63413507
|c 20091013
|
| 801 |
|
2 |
|a RU
|b 63413507
|c 20221208
|g RCR
|
| 900 |
|
|
|a Институциональная экономика
|
| 942 |
|
|
|c BK
|
| 952 |
|
|
|b 080000
|
| 959 |
|
|
|a 103/20091007
|d 1
|e 0
|f ЧЗГЛ:1
|
| 959 |
|
|
|a 49/20100813
|d 7
|e 259,90
|f АНЛ:1
|f ЧЗГЛ:1
|f Ф_ТПУ_Новокузнецк:5
|